000 00775nam a2200193 a 4500
001 000007346
005 20200929154136.0
008 090908s2005 dr a 001 0 spa d
040 _aDO-SdBNP
_bspa
_cBNPHU
082 _axxxx
_bM294c
100 1 _aFernández Lerebours, Rosel
_920430
245 1 0 _aManual de casos clínicos aplicados a la bioquímica /
_cRosel Fernández Lerebours ; colaboradores Angel Díaz [et. al ] ; prólogo Rosel Fernández.
260 _aSanto Domingo :
_bUniversidad Autónoma de Santo Domingo : Facultad de Ciencias de la Salud,
_c2005.
300 _a109 p. :
_bil. ;
_c28 cm.
500 _aIncluye glosarios términos
504 _aBibliografía : p. 97 - 98
700 1 _aDíaz, Angel,
_ecool.
_920431
700 1 _aFernández, Rosel,
_epról.
_920432
999 _c7127
_d7127